A rendtartó székely falu történésze. Imreh István 75 éves
Elmentve itt :
| Szerző: | |
|---|---|
| Adatforrás: | Meister |
| Forrásdokumentuma: | A Hét. - 39 sz., 1994, 11 p. |
| Nyelv: | magyar |
| Kulcsszavak: | évforduló művelődéstörténet IMREH István |
| LEADER | 00420nab a2200145 i 4500 | ||
|---|---|---|---|
| 001 | bibPRO00005724 | ||
| 008 | 060524s1994 xx hun | ||
| 040 | |a Sz1 | ||
| 041 | |a hun | ||
| 100 | 1 | |a DEMÉNY István | |
| 245 | 1 | 2 | |a A rendtartó székely falu történésze. Imreh István 75 éves |c DEMÉNY István |
| 695 | |a évforduló | ||
| 695 | |a művelődéstörténet | ||
| 695 | |a IMREH István | ||
| 773 | 0 | |t A Hét. - |g 39 sz., 1994, 11 p. | |